000 00890nam a22002417a 4500
003 OSt
005 20260605114141.0
008 220618b ||||| |||| 00| 0 eng d
040 _cAL
041 _aTulu
082 _aT928
_bKARM
100 _aKarnataka Tulu Sahitya Akademi:
_9265331
100 _9240871
_d ಕರ್ನಾಟಕ ತುಳು ಸಾಹಿತ್ಯ ಅಕಾಡೆಮಿ
245 _aMandara Keshava Bhatr
_b: ಮಂದಾರ ಕೇಶವ ಬಟ್ರ್
260 _aMangaluru:
_bKarnataka Tulu Sahitya Akademi,
_c1998
300 _a44p.
_bPB
_c21x14cm.
365 _2Biography
440 _aMadappiyeravandi tuluver: ಮದೆಪ್ಪಿಯೆರಾವಂದಿ ತುಳುವೆರ್;14
_943989
650 _aBiography
_943977
700 _aJOSHI (M Prabhakara)
_943978
700 _aಜೋಶಿ (ಎಂ ಪ್ರಭಾಕರ)
_943987
942 _2ddc
_cGF
999 _c223418
_d223418